000
00251nam a22001097a 4500
999
_c
252118
_d
252117
020
_a
9966446117
100
_a
KLB
245
_a
Kiswahili Kwa Kidato Cha 4
250
_a
Toleo la tatu
260
_a
Nairobi
_b
Kenya Literature Bureau
_c
1989
942
_c
BK